Μουσεία του Βατικανού, Ρώμη

Αποθηκεύτηκε σε:
Λεπτομέρειες βιβλιογραφικής εγγραφής
Άλλοι συγγραφείς: Dalli Regoli, Gigetta
Μορφή: Βιβλίο
Γλώσσα:Greek
Italian
Δημοσίευση: Αθήναι : Mondadori- Φυτράκης, c1970.
Σειρά:Τα μεγάλα μουσεία του κόσμου
Θέματα:
Ετικέτες: Προσθήκη ετικέτας
Δεν υπάρχουν, Καταχωρήστε ετικέτα πρώτοι!

MARC

LEADER 00000cam a2200000 i 4500
001 1/37641
008 960927s1970 gr | ||| |||| ||gre||
035 |l 10024714 
040 |a GR-MyUa  |b gre  |e AACR2 
041 1 |a gre  |h ita 
082 7 |a 708   |2 (22)  
082 7 |a 708.5634   |2 (23)  
245 0 0 |a Μουσεία του Βατικανού, Ρώμη /   |c [κείμενα των Gigetta Dalli Regoli ... [ κ. ά.] ; μετάφραση Γιώργου Γεραλή].  
260 |a Αθήναι :   |b Mondadori- Φυτράκης,   |c c1970.  
300 |a 208 σ. :   |b εικ. ;   |c 29 εκ.  
490 1 |a (Τα μεγάλα μουσεία του κόσμου) 
504 |a Βιβλιογραφία: σ. 168. Ευρετήριο.  
650 0 |a Art  |z Italy  |z Rome. 
650 0 |a Art  |z Vatican City. 
700 1 |a Dalli Regoli, Gigetta. 
830 0 |a Τα μεγάλα μουσεία του κόσμου 
852 |a INST  |b CHIOS  |e 19960927  |h 708 ΜΟΥ  |p 005200015861  |q 005200015861  |t BK  |y 0 
852 |a INST  |b RHODES  |e 20191115  |h 708.5634 ΜΟΥ  |p 005400041278  |q 005400041278  |t BK  |y 0 
852 |a INST  |b SYROS  |e 20171018  |h 708.5634 ΜΟΥ  |p 005500013196  |q 005500013196  |t BK  |y 0 
970 |z 10-10-2017